Normal view MARC view
  • Khandelwala.S.K.etal

Entry Personal Name

Number of records used in: 2

001 - CONTROL NUMBER

  • control field: 740

003 - CONTROL NUMBER IDENTIFIER

  • control field: OSt

005 - DATE AND TIME OF LATEST TRANSACTION

  • control field: 20160926082720.0

008 - FIXED-LENGTH DATA ELEMENTS

  • fixed length control field: 160926|| aca||aabn | a|a d

040 ## - CATALOGING SOURCE

  • Original cataloging agency: OSt

100 ## - HEADING--PERSONAL NAME

  • Personal name: Khandelwala.S.K.etal

Powered by Koha